000 00588nam a2200205Ia 4500
005 20250923145145.0
008 008 250917s9999 xx 000 0 eng d
037 _aTextual
040 _aDSWL
_beng
_cDSWL
041 _aeng
_2eng
084 _aYX,ZB:f1.56, N68
_qDSWL
100 _aBeveridge, W.E.
_9832359
245 0 _aProblem solving interviews
_cby W.E. Beveridge
260 _aLondon
_bGeorge Allen & Unwin
_c1968
300 _axxvi,189p.
365 _aINR
_b25
925 _g25
942 _cTEXL
_hYX,ZB:f1.56, N68
999 _c1447856
_d1447856